Gaming Quiz

Random Gaming or Board Games Quiz

Monopoly on the Map (U.S.) Quiz Stats

 Plays Quiz Updated Nov 2, 2017

Also try: Monopoly Pieces
Challenge
Share
Tweet
Score 0/22 Timer 05:00
2 Plays Today
% Correct
Boardwalk
91.8%
Park Place
85.6%
Baltic Avenue
73.6%
Illinois Avenue (renamed Dr. Martin Luther King Blvd.)
71.2%
Indiana Avenue
70.5%
Pennsylvania Avenue
70.2%
New York Avenue
69.4%
Atlantic Avenue
69%
Kentucky Avenue
67.8%
Connecticut Avenue
66.1%
Marvin Gardens (off the map in nearby Margate)
64.6%
% Correct
Tennessee Avenue
63%
North Carolina Avenue
62.8%
Vermont Avenue
60.1%
Virginia Avenue
59.6%
Ventnor Avenue
57.8%
Mediterranean Avenue
57.7%
St. James Place
56.1%
Oriental Avenue
53.5%
St. Charles Place (since paved over)
51.3%
Pacific Avenue
49.8%
States Avenue
32.8%

You're not logged in!

Compare scores with friends on all Sporcle quizzes.
Join for Free
OR
Log In

You Might Also Like...

Show Comments

Extras

Top Quizzes Today


Score Distribution

Your Account Isn't Verified!

In order to create a playlist on Sporcle, you need to verify the email address you used during registration. Go to your Sporcle Settings to finish the process.

Report this User

Report this user for behavior that violates our Community Guidelines.

Details: